[Event "Bob Wade mem Challengers 2"]
[Site "Howick"]
[Date "2023.01.19"]
[Round "8"]
[White "McDonald, Duncan"]
[Black "Benson, James"]
[Result "1-0"]
[WhiteElo "1469"]
[BlackElo "1604"]
[PlyCount "49"]
[EventDate "2023.01.14"]
[EventType "tourn"]
[EventRounds "9"]
[EventCountry "NZL"]
[SourceTitle "EXT 2024"]
[Source "ChessBase"]
[SourceDate "2023.10.10"]
[SourceVersion "1"]
[SourceVersionDate "2023.10.10"]
[SourceQuality "1"]

1. e4 c5 2. c3 Nf6 3. e5 Nd5 4. d4 cxd4 5. Nf3 Nc6 6. cxd4 d6 7. Bc4 Nb6 8. Bb5 a6 9. Bxc6+ bxc6 10. Qc2 Bb7 11. 0-0 Nd5 12. Re1 e6 13. Nc3 Be7 14. Nxd5 cxd5 15. Bf4 dxe5 16. Nxe5 Qb6 17. Qd3 Bf6 18. Rac1 a5 19. Rc5 Bxe5 20. Bxe5 Qb4 21. Rec1 Qxb2 22. Rb1 Ba6 23. Rxa5 Bxd3 24. Rxa8+ Ke7 25. Ra7+ 1-0

[Event "Bob Wade mem Challengers 2"]
[Site "Howick"]
[Date "2023.01.17"]
[Round "5"]
[White "Benson, James"]
[Black "Zhang, Charles"]
[Result "1-0"]
[WhiteElo "1604"]
[BlackElo "1513"]
[PlyCount "94"]
[EventDate "2023.01.14"]
[EventType "tourn"]
[EventRounds "9"]
[EventCountry "NZL"]
[SourceTitle "EXT 2024"]
[Source "ChessBase"]
[SourceDate "2023.10.10"]
[SourceVersion "1"]
[SourceVersionDate "2023.10.10"]
[SourceQuality "1"]

1. d4 b6 2. Bf4 Bb7 3. e3 e6 4. Nf3 Ne7 5. Bd3 d6 6. 0-0 g6 7. c3 Bg7 8. Re1 Nd7 9. e4 a6 10. Nbd2 h6 11. e5 d5 12. a4 c5 13. h4 Nc6 14. Nf1 c4 15. Bc2 b5 16. axb5 axb5 17. Qd2 h5 18. Ng5 Ke7 19. Ne3 Nb6 20. Nf3 Qc8 21. Bg5+ Kd7 22. Bf6 Rg8 23. Nf1 Na5 24. Bxg7 Rxg7 25. Qf4 Ke8 26. Qf6 Kf8 27. Ng5 Qd7 28. Ng3 Qe7 29. Qf3 Kg8 30. Re3 Kf8 31. Qd1 Ke8 32. Rf3 Nc6 33. Rf6 Rxa1 34. Qxa1 Nd7 35. Rf3 Kd8 36. Qe1 Kc7 37. b4 Nf8 38. Rf4 Nh7 39. Nxh7 Rxh7 40. Qb1 Rg7 41. Rf6 Kd7 42. Qd1 Rh7 43. Qd2 Rg7 44. Qh6 Rg8 45. Nf1 Qf8 46. Bxg6 Ke7 47. Bxh5 Nd8 1-0

[Event "Asian-ch Seniors 65"]
[Site "Auckland"]
[Date "2022.10.17"]
[Round "4"]
[White "Lee, Wing Kin"]
[Black "Benson, James"]
[Result "1-0"]
[WhiteElo "1200"]
[BlackElo "1754"]
[PlyCount "105"]
[EventDate "2022.10.15"]
[EventType "swiss"]
[EventRounds "9"]
[EventCountry "NZL"]
[SourceTitle "EXT 2024"]
[Source "ChessBase"]
[SourceDate "2023.10.10"]
[SourceVersion "1"]
[SourceVersionDate "2023.10.10"]
[SourceQuality "1"]

1. c4 Nf6 2. Nc3 g5 3. d4 Bg7 4. Bxg5 h6 5. Bh4 d5 6. e3 Bf5 7. Nf3 Nc6 8. Bd3 Bxd3 9. Qxd3 dxc4 10. Qxc4 e6 11. 0-0 Qd7 12. Rad1 Nd5 13. Nxd5 exd5 14. Qa4 a6 15. Bg3 Bf6 16. Qa3 Be7 17. Qc3 Bb4 18. Qc1 h5 19. Ne5 Nxe5 20. Bxe5 Rg8 21. Qxc7 Qxc7 22. Bxc7 Rc8 23. Bf4 Rc2 24. Rb1 Kd7 25. a3 Ba5 26. Rfc1 Rgc8 27. Rxc2 Rxc2 28. b4 Bc7 29. Bxc7 Kxc7 30. g3 Ra2 31. Rc1+ Kd7 32. Rc3 b6 33. Kf1 f5 34. h4 Ra1+ 35. Kg2 Ra2 36. Rb3 Kc6 37. g4 fxg4 38. Kg3 Rc2 39. f3 gxf3 40. Kxf3 Rc1 41. Rb2 Rh1 42. Kg3 Rg1+ 43. Rg2 Rxg2+ 44. Kxg2 Kb5 45. Kf3 Kc4 46. Kf4 Kd3 47. a4 Kc4 48. e4 dxe4 49. Kxe4 Kxb4 50. d5 Kc5 51. Ke5 b5 52. axb5 axb5 53. d6 1-0

[Event "Asian-ch Seniors 65"]
[Site "Auckland"]
[Date "2022.10.16"]
[Round "3"]
[White "Benson, James"]
[Black "Cooper, Nigel"]
[Result "0-1"]
[WhiteElo "1754"]
[BlackElo "1515"]
[PlyCount "62"]
[EventDate "2022.10.15"]
[EventType "swiss"]
[EventRounds "9"]
[EventCountry "NZL"]
[SourceTitle "EXT 2024"]
[Source "ChessBase"]
[SourceDate "2023.10.10"]
[SourceVersion "1"]
[SourceVersionDate "2023.10.10"]
[SourceQuality "1"]

1. d4 d5 2. Nf3 Bg4 3. e3 e6 4. c4 c6 5. Nc3 Nf6 6. Bd3 Nbd7 7. cxd5 exd5 8. h3 Bh5 9. 0-0 Bd6 10. Re1 0-0 11. e4 dxe4 12. Nxe4 Nxe4 13. Bxe4 Nf6 14. Bg5 h6 15. Bh4 g5 16. Bg3 Bxg3 17. fxg3 Nxe4 18. Rxe4 Qc7 19. g4 Bg6 20. Re5 f6 21. Re6 Kg7 22. Rc1 Bf7 23. Re3 Bxa2 24. d5 Qb6 25. Qe2 Bxd5 26. Kh1 Rf7 27. Rd1 Bxf3 28. gxf3 Rd8 29. Red3 Rxd3 30. Qxd3 Qxb2 31. Qf5 Qe5 0-1